Culture Générale - Série 2060 - Statistiques

Statistiques générales
  • Ce quiz a été pris 143 fois
  • Le résultat moyen est 6 sur 10
Statistiques - réponses
Question Réponse % Correct
Quel pays est composé de plus de 6000 îles dont celles de Kyushu et de Honshu ? Japon
98%
Quel médecin spécialiste est concerné par les pétéchies, le vitiligo et le psoriasis ? dermatologue
87%
Quel mot de 8 lettres désignant une espèce de singe, prononce-t-on pour paraître souriant sur une photo ? voir photo ouistiti
87%
A quel pays scandinave appartiennent les îles Vesteralen et les îles Lofoten ? Norvège
86%
De quel pays est originaire l’écrivain Tahar Ben Jelloun ? Maroc
81%
Ce mot désigne un insecte nuisible de la maison et un signe astrologique capricorne
70%
Quel 44ème président des Etats-Unis est incarné par Parker Sawyers dans le film First date, sorti en 2016 ? Barack Obama
64%
C'est une machine à crépir ou une habitante d'une province autrichienne tyrolienne
37%
Quel comté situé au Sud-Ouest de la Grande Bretagne a pour capitale Truro ? Cornouailles
19%
Quel prénom féminin, équivalent médiéval de Mathilde, signifie puissance au combat en langue germanique ? Mahaut
15%
Aucun quiz correspondant
Distribution des résultats
% des personnes avec chaque résultat
Percentile par nombre de réponses
Votre historique - résultats
Vous n’avez pas pris ce quiz